Marta Traba (Registro nro. 315464)

Detalles MARC
000 -ENCABEZADO
Número de control [NR] 00653 a2200193 4500
005 - FECHA Y HORA DE LA ÚLTIMA TRANSACCIÓN
control field 20190930100937.0
008 - DE LONGITUD FIJA DE DATOS DE ELEMENTOS - INFORMACIÓN GENERAL
Elementos de longitud fija [NR] 190930s2003 ck ||||| |||| 00| 0 spa d
020 ## - NUMERO INTERNACIONAL NORMALIZADO PARA LIBROS [R]
Número Internacional Normalizado del libro [NR] 9789584205445
040 ## - FUENTE DE CATALOGACION [NR]
Agencia de catalogación original [NR] CO-BoUCM
Idioma de catalogación [NR] spa
Quien Cataloga Saul Niño
Quien Clasifica Saul Niño
041 0# - CODIGO DE IDIOMA [R]
Código de idioma para texto/pista de sonido o título separado [R] Español
100 10 - ASIENTO PRINCIPAL--NOMBRE PERSONAL [NR]
Nombre personal [NR] Verlichak, Victoria
Fechas asociadas con el nombre [NR] 1950-
ID Autoridad 98642
245 10 - MENCION DE TITULO [NR]
Título [NR] Marta Traba
Parte restante del título [NR] una terquedad furibunda
Mención de responsabilidad, etc. [NR] Victoria Verlichak
260 ## - PUBLICACION, DISTRIBUCION, ETC. (PIE DE IMPRENTA) [R]
Lugar de publicación, distribución, etc. [R] Bogotá (Colombia)
Nombre del editor, distribuidor, etc. [R] Planeta
Fecha de publicación, distribución, etc. [R] 2003
300 ## - DESCRIPCION FISICA [R]
Extensión [R] 300 páginas
600 10 - ASIENTO SECUNDARIO DE MATERIA - NOMBRE PERSONAL [R]
Nombre personal [NR] Traba, Marta
Fechas asociadas con el nombre [NR] 1930-1983
Subdivisión de forma [R] Biografías
9 (RLIN) 98643
650 #7 - ASIENTO SECUNDARIO DE MATERIA - TERMINO TEMATICO [R]
9 (RLIN) 9807
Término temático o nombre geográfico como elemento de entrada [NR] Autores argentinos
Subdivisión de forma [R] Biografías
942 ## - ELEMENTOS DE ENTRADA AGREGADOS (KOHA)
Tipo de ítem principal el descrito en 300a Libro
Sistema de clasificación DEWEY
Tema principal Literatura
Edición 1
Clasificación 928
Parte restante de la signatura top. V521t
Existencias
Total préstamos Signatura topográfica Código de barras Última vez visto Ejemplar Costo de reposición Price effective from Tipo de ítem Perdido Sistema de clasificación Dañado No prestable Tipo de ítem específico Suprimido Ubicación habitual Ubicación actual Localización Fecha de creación Proveedor Forma de adquisición Costo
  928 V521t 100163966 09/12/2025 Ej.1 26000.00 20/09/2019 Libro   DEWEY     Libro   Claustro Claustro 2do piso 20/09/2019 12 Donación 0.00